Szczegóły MARC21

Ekslibrisy adwokackie /

001 -Numer Kontrolny Rekordu [,]
    • @
    • pole kontrolne
    • xx001522228
003 -Nazwa instytucji, której n kontrolny jest w polu 001 [,]
    • @
    • Nazwa instytucji, której n kontrolny jest w polu 001
    • NUKAT
005 -DATA I CZAS OSTATNIEJ MODYFIKACJI [,]
    • @
    • pole kontrolne
    • 20241231100616.0
008 -Pole stałej długości [,]
    • @
    • pole kontrolne
    • 100203s1982 pl a |000 0 pol c
035 -Inne numery kontrolne [ , ]
    • a
    • Numer kontrolny
    • (OCoLC)750684836
040 -Instytucja sporządzająca opis [ , ]
    • a
    • Inst., która sporządziła opis (NP)
    • TOR U/AP
    • c
    • Inst., która sporządziła rekord (NP)
    • TOR U/AP
    • d
    • Inst., która zmodyfikowała rekord (P)
    • TOR U/DA
    • d
    • Inst., która zmodyfikowała rekord (P)
    • TOR U/KMos
942 -Rodzaj dokumentu [ , ]
    • c
    • Rodzaj dokumentu
    • Dokument Ikonograficzny
100 -Hasło główne - nazwa osobowa [1, ]
    • a
    • Nazwa osobowa (NP)
    • Łyczywek, Roman
    • d
    • Daty biograficzne (NP)
    • (1916-1994).
    • 9
    • KHW
    • 45268
245 -Strefa tytułu i oznaczenia odpowiedzialności [1,0]
    • a
    • Tytuł
    • Ekslibrisy adwokackie /
    • c
    • Pozostałe elementy strefy tytułu i oznaczenia odpowiedzialności (NP)
    • Roman Łyczywek, Jerzy Piosicki.
260 -Strefa adresu wydawniczego [ , ]
    • a
    • Miejsce wydania (P)
    • Szczecin :
    • b
    • Nazwa wydawcy (P)
    • Książnica Szczecińska,
    • c
    • Data wydania (P)
    • 1982.
300 -Strefa opisu fizycznego [ , ]
    • a
    • Określenie formy dokumentu i/lub objętość (NP)
    • Teka ([2] k. (w tym 1 złoż.), 52 k. tabl. :
    • b
    • Oznaczenie innych cech fizycznych (NP)
    • il. ;
    • c
    • Wymiary (NP)
    • 21 cm.
336 -Typ zawartości [ , ]
    • a
    • Termin opisujący typ zawartości
    • Tekst
    • b
    • Kod określający zawartość
    • txt
    • 2
    • Źródło (terminu i kodu)
    • rdacontent
337 -Typ mediów [ , ]
    • a
    • Tryb odtwarzania
    • Bez urządzenia pośredniczącego
    • b
    • Kod typu mediów
    • n
    • 2
    • Źródło (terminu i kodu)
    • rdamedia
338 -Typ/rodzaj nośnika [ , ]
    • a
    • Hasło opisujące typ nośnika
    • Wolumin
    • b
    • Kod typu nośnika
    • nc
    • 2
    • Źródło (terminu i kodu)
    • rdacarrier
650 -Hasło przedmiotowe - nazwa pospolita [ ,7]
    • a
    • Temat
    • Ekslibrisy
    • y
    • Określnik chronologiczny
    • 1945-1990
    • x
    • Określnik rzeczowy (P)
    • kolekcjonerzy i kolekcje
    • z
    • Określnik geograficzny
    • Polska
    • v
    • Określnik formy
    • katalogi wystaw.
    • 2
    • Źródło terminu
    • kaba
    • 9
    • KHW
    • 566435
650 -Hasło przedmiotowe - nazwa pospolita [ ,7]
    • a
    • Temat
    • Ekslibrisy
    • y
    • Określnik chronologiczny
    • 1945-1990
    • x
    • Określnik rzeczowy (P)
    • tematy, motywy
    • v
    • Określnik formy
    • katalogi wystaw.
    • 2
    • Źródło terminu
    • kaba
    • 9
    • KHW
    • 566436
650 -Hasło przedmiotowe - nazwa pospolita [ ,7]
    • a
    • Temat
    • Adwokaci
    • x
    • Określnik rzeczowy (P)
    • w sztuce
    • v
    • Określnik formy
    • katalogi wystaw.
    • 2
    • Źródło terminu
    • kaba
    • 9
    • KHW
    • 566437
700 -Hasło dodatkowe - nazwa osobowa [1, ]
    • a
    • Nazwa osobowa (NP)
    • Piosicki, Jerzy Find
    • d
    • Daty biograficzne (NP)
    • (1943-2018).
710 -Hasło dod. - nazwa ciała zbior. [2, ]
    • a
    • Nazwa ciała zbiorowego lub nazwa geograficzna jako pierwszy element (NP)
    • Książnica Szczecińska.
    • 4
    • Kod relacji
    • pbl
    • 9
    • KHW
    • 59969
Status udost. Kierowanie Data inwentaryzacji Numer inwentarzowy
1BG Ikn.95
1BSA2024-02-05Ikn.1305